000 00299nam a2200121Ia 4500
005 20260328104318.0
008 260328s9999||||xx |||||||||||||| ||und||
100 _aFontana, Loris
245 0 _aPraglia Forma e immagine /
_cLoris Fontana
260 _bSIGNUMEDIZIONI
300 _a31 p.
942 _cBK
999 _c11236
_d11236